UM Logo

Design and analysis of a CPT system with extendable pairs of electric field couplers / (Record no. 19506)

MARC details
000 -LEADER
fixed length control field 00966nam a22002297a 4500
003 - CONTROL NUMBER IDENTIFIER
control field OSt
005 - DATE AND TIME OF LATEST TRANSACTION
control field 20250924102238.0
008 - FIXED-LENGTH DATA ELEMENTS--GENERAL INFORMATION
fixed length control field 240301b ||||| |||| 00| 0 eng d
040 ## - CATALOGING SOURCE
Transcribing agency 0
082 ## - DEWEY DECIMAL CLASSIFICATION NUMBER
Classification number DPer 621.317 Ie21 June 2022 v. 37 n. 6
100 ## - MAIN ENTRY--PERSONAL NAME
Personal name Zhou, Wei.
Relator term author.
9 (RLIN) 53924
245 ## - TITLE STATEMENT
Title Design and analysis of a CPT system with extendable pairs of electric field couplers /
Statement of responsibility, etc. Wei Zhou, Qiao Gao, Ruikun Mai, Zhengyou He, amd Aiguo Patrick Hu.
260 ## - PUBLICATION, DISTRIBUTION, ETC. (IMPRINT)
Place of publication, distribution, etc. New York ;
Name of publisher, distributor, etc. The Institute of Electrical and Electronics Engineers, Inc. ,
Date of publication, distribution, etc. June 2022.
300 ## - PHYSICAL DESCRIPTION
Extent Volume 37, pages 7443-7455 :
Other physical details illustration ;
Dimensions 29 cm.
500 ## - GENERAL NOTE
General note IEEE Transactions on Power Electronics, vol. 37, no. 6, pages 7443-7455, June 2022.
700 ## - ADDED ENTRY--PERSONAL NAME
Personal name Zhou, Wei.
Relator term author.
9 (RLIN) 53924
700 ## - ADDED ENTRY--PERSONAL NAME
Personal name Gao, Qiao.
Relator term author.
9 (RLIN) 53925
700 ## - ADDED ENTRY--PERSONAL NAME
Personal name Mai, Ruikun.
Relator term author.
9 (RLIN) 53926
700 ## - ADDED ENTRY--PERSONAL NAME
Personal name He, Zhengyou.
Relator term author.
9 (RLIN) 53927
700 ## - ADDED ENTRY--PERSONAL NAME
Personal name Hu, Aiguo Patrick.
Relator term author.
9 (RLIN) 53928
942 ## - ADDED ENTRY ELEMENTS (KOHA)
Source of classification or shelving scheme Dewey Decimal Classification
Koha item type Periodicals
Holdings
Withdrawn status Lost status Source of classification or shelving scheme Damaged status Not for loan Collection code Home library Current library Date acquired Total Checkouts Full call number Date last seen Price effective from Koha item type Public note
    Dewey Decimal Classification     Periodicals UM Digos College - LIC UM Digos College - LIC 03/01/2024   DPer 621.317 Ie21 June 2022 v.37 n. 6 03/01/2024 03/01/2024 Periodicals Periodical Article